[Event "ITA-ch Seniors 31st"]
[Site "Arvier"]
[Date "2009.04.26"]
[Round "3"]
[White "Incelli, Renato"]
[Black "Moretti, Mario"]
[Result "1-0"]
[WhiteElo "1487"]
[BlackElo "1500"]
[PlyCount "91"]
[EventDate "2009.04.24"]
[EventType "swiss"]
[EventRounds "9"]
[EventCountry "ITA"]
[SourceTitle "EXT 2011"]
[Source "ChessBase"]
[SourceDate "2010.11.26"]
[SourceVersion "1"]
[SourceVersionDate "2010.11.26"]
[SourceQuality "1"]

1. c4 e5 2. Nc3 Nf6 3. d3 Bb4 4. Bd2 Bxc3 5. Bxc3 Nc6 6. Nf3 d6 7. g3 0-0 8. Bg2 Bg4 9. 0-0 Bxf3 10. Bxf3 Rb8 11. Bg2 Ne7 12. Qc2 c5 13. e4 h6 14. Bd2 Nh7 15. b4 b6 16. bxc5 bxc5 17. Rab1 Nc6 18. Rxb8 Nxb8 19. Rb1 Nc6 20. Qa4 Qd7 21. f4 Qc7 22. fxe5 dxe5 23. Qa3 Rb8 24. Rxb8+ Nxb8 25. Be3 Nd7 26. Bh3 Nhf6 27. Bd2 g5 28. Ba5 Qb7 29. Qb3 Qxb3 30. axb3 g4 31. Bg2 Kg7 32. h3 h5 33. hxg4 hxg4 34. b4 cxb4 35. Bxb4 Nh5 36. Bd6 Nxg3 37. c5 f6 38. c6 Nb6 39. Kf2 Nh5 40. Bf1 Kg6 41. Ke3 Nf4 42. d4 Nc4+ 43. Bxc4 g3 44. c7 g2 45. Kf2 exd4 46. c8Q 1-0